Encontro discute aspectos legais, de manejo, sanidade e comercialização (Registro n. 299349)
[ somente texto ]
| 000 -LÍDER | |
|---|---|
| fixed length control field | 00937nab a2200277 4500 |
| 003 - CÓDIGO MARC DA AGÊNCIA CATALOGADORA | |
| Campo de controle | BR-BrBNA |
| 005 - DATA E HORA DA ÚLTIMA ATUALIZAÇÃO | |
| Campo de controle | 20240427160141.0 |
| 008 - CAMPO DE TAMANHO FIXO | |
| fixed length control field | 240427b bl.||||| |||| 00| 0 por d |
| 040 ## - FONTE DA CATALOGAÇÃO | |
| Agência catalogadora | BR-BrBNA |
| Idioma da catalogação | por |
| 072 ## - CATEGORIA AGRIS | |
| Código AGRIS | F01 ; D50 ; N10 |
| Código do objeto | 4420 |
| 100 ## - ENTRADA PRINCIPAL - NOME PESSOAL | |
| Nome pessoal | L. Neto, Ramiro de S. |
| 245 ## - TÍTULO PRINCIPAL | |
| Título principal | Encontro discute aspectos legais, de manejo, sanidade e comercialização |
| Subtítulo | Produção de mudas |
| 500 ## - NOTA GERAL | |
| Nota geral | 4 illus. |
| 942 ## - ADDED ENTRY ELEMENTS (KOHA) | |
| Koha item type | |
| 650 ## - ASSUNTO - THESAGRO | |
| Cabeçalho tópico ou nome geográfico | CITRICULTURA |
| 650 ## - ASSUNTO - THESAGRO | |
| Cabeçalho tópico ou nome geográfico | VIVEIRO |
| 650 ## - ASSUNTO - THESAGRO | |
| Cabeçalho tópico ou nome geográfico | MUDA |
| 650 ## - ASSUNTO - THESAGRO | |
| Cabeçalho tópico ou nome geográfico | PRODUÇÃO |
| 650 ## - ASSUNTO - THESAGRO | |
| Cabeçalho tópico ou nome geográfico | CUSTO DE PRODUÇÃO |
| 650 ## - ASSUNTO - THESAGRO | |
| Cabeçalho tópico ou nome geográfico | DEFESA FITOSSANITÁRIA |
| 650 ## - ASSUNTO - THESAGRO | |
| Cabeçalho tópico ou nome geográfico | COMERCIALIZAÇÃO |
| 650 ## - ASSUNTO - THESAGRO | |
| Cabeçalho tópico ou nome geográfico | NORMALIZAÇÃO |
| 650 ## - ASSUNTO - THESAGRO | |
| Cabeçalho tópico ou nome geográfico | LEGISLAÇÃO |
| 773 0# - ENTRADA ANALÍTICA | |
| Host Biblionumber | 4769 |
| Registro do item | 314646 |
| Imprenta | Bebedouro - SP Grupo Técnico de Assistência e Consultoria em Citrus 2001 |
| Outro identificador | 2024-0898 |
| Título | Ciência e Pratica (Brazil) |
| Colação | v. 10(39) p. 19-21; (Oct-Dec 2010) |
| Número de controle de registro | BR2024000905 |
Nenhum exemplar disponível.

BINAGRI